| 000 | 00484nam a2200205Ia 4500 | ||
|---|---|---|---|
| 008 | 170918s9999 xx 000 0 und d | ||
| 020 | _a9780590742590 | ||
| 050 | _bR578 1997 | ||
| 100 | _aRinaldi, Ann | ||
| 245 | 4 | _aThe second bend in the river / | |
| 245 | _cby Ann Rinaldi | ||
| 260 | _aNew York : | ||
| 260 | _bScholastic, | ||
| 260 | _c1997 | ||
| 300 | _a279 pages : | ||
| 300 | _billustrations ; | ||
| 300 | _c17cm. | ||
| 440 | _vPoint signature. | ||
| 500 | _a540 | ||
| 999 |
_c344303 _d344303 |
||